[Event "Wuerttemberg-Niedersachsen"]
[Site "Wismar"]
[Date "2009.10.01"]
[Round "3.1"]
[White "Lubbe, Nikolas"]
[Black "FM Strunski, Andreas"]
[Result "1/2-1/2"]
[WhiteElo "2330"]
[BlackElo "2394"]
[PlyCount "59"]
[EventDate "2009.??.??"]

1. e4 c5 2. Nf3 e6 3. d4 cxd4 4. Nxd4 a6 5. Bd3 Nc6 6. Nxc6 dxc6 7. Nd2 Qc7 8.
b3 Nf6 9. Bb2 Bd6 10. Nc4 Bb4+ 11. c3 Bc5 12. Qf3 b5 13. Ne3 Bb7 14. O-O Rd8
15. Rad1 O-O 16. Bc2 Qe5 17. Ba1 Qh5 18. Qxh5 Nxh5 19. g3 Nf6 20. c4 Bb6 21.
Bc3 Nd7 22. Rd2 c5 23. Rfd1 Nb8 24. cxb5 axb5 25. a4 Rxd2 26. Rxd2 Bc6 27. h4
Rd8 28. Rxd8+ Bxd8 29. Ng4 Be8 30. f4 1/2-1/2

[Event "Wuerttemberg-Niedersachsen"]
[Site "Wismar"]
[Date "2009.10.01"]
[Round "3.2"]
[White "Pogan, Nikolas"]
[Black "Guennigmann, Manuel"]
[Result "1-0"]
[WhiteElo "2069"]
[BlackElo "2158"]
[PlyCount "77"]
[EventDate "2009.??.??"]

1. d4 Nf6 2. c4 c5 3. d5 e5 4. Nc3 d6 5. e4 Be7 6. g3 O-O 7. Bg2 Ne8 8. Nge2
Bg5 9. O-O Bxc1 10. Nxc1 Nd7 11. Nd3 Nc7 12. f4 Qe7 13. f5 Rb8 14. a4 f6 15.
Bf3 Rd8 16. Kh1 Nf8 17. Qd2 b6 18. b4 Ne8 19. a5 Qf7 20. axb6 axb6 21. Nb5 Rd7
22. Ra2 Rdb7 23. Rfa1 Bd7 24. Na7 Rc7 25. b5 g6 26. g4 g5 27. Nb2 Ng7 28. Nc6
Rbc8 29. Ra6 Rb7 30. Na4 Bxc6 31. dxc6 Ra7 32. Nxb6 Rxa6 33. Rxa6 Rd8 34. Nd5
Rc8 35. Qa2 Kh8 36. Ra7 Qe8 37. Nxf6 Qd8 38. Nd5 Ne8 39. Qa5 1-0

[Event "Wuerttemberg-Niedersachsen"]
[Site "Wismar"]
[Date "2009.10.01"]
[Round "3.3"]
[White "Bradler, Stephan"]
[Black "Erben, Larissa"]
[Result "1-0"]
[WhiteElo "2125"]
[BlackElo "2035"]
[PlyCount "93"]
[EventDate "2009.??.??"]

1. e4 c5 2. Nf3 e6 3. d4 cxd4 4. Nxd4 Nc6 5. Nc3 Qc7 6. Be3 a6 7. Be2 Nf6 8.
O-O Bb4 9. Na4 Bd6 10. Nxc6 bxc6 11. Nb6 Rb8 12. Nxc8 Rxc8 13. g3 Be7 14. Bd3
Rb8 15. b3 c5 16. Qe2 d6 17. Bf4 a5 18. e5 Nd5 19. exd6 Bxd6 20. Bxd6 Qxd6 21.
Qd2 Qc7 22. Bc4 Nf6 23. f4 O-O 24. f5 Rbd8 25. Qe2 exf5 26. Rxf5 Qd7 27. Qd3
Qc6 28. Qf3 Qd6 29. Rf1 Qd4+ 30. Qf2 Qxf2+ 31. R1xf2 Rd1+ 32. Kg2 Ng4 33. Re2
Rd2 34. Rxd2 Ne3+ 35. Kf2 Nxf5 36. Rd5 Nd4 37. Rxc5 Nxc2 38. Rxa5 Nb4 39. a4 g6
40. Rb5 Nc6 41. Rc5 Nd4 42. a5 Ne6 43. Rc6 Ra8 44. a6 Nd4 45. Rc7 Nxb3 46. Rxf7
Kh8 47. a7 1-0

[Event "Wuerttemberg-Niedersachsen"]
[Site "Wismar"]
[Date "2009.10.01"]
[Round "3.4"]
[White "Schaefer, Alexander"]
[Black "Kyas, Philipp"]
[Result "0-1"]
[WhiteElo "2073"]
[BlackElo "1953"]
[PlyCount "76"]
[EventDate "2009.??.??"]

1. e4 e5 2. Nf3 Nc6 3. Bb5 a6 4. Ba4 Nf6 5. O-O b5 6. Bb3 Be7 7. Re1 d6 8. h3
O-O 9. a4 Bb7 10. d3 Na5 11. Ba2 c5 12. Bd2 b4 13. Bg5 Nh5 14. Bxe7 Qxe7 15.
Nbd2 Nf4 16. Nf1 b3 17. cxb3 Nc6 18. Qd2 Nb4 19. Bb1 Qe6 20. d4 Qxb3 21. dxe5
Nxh3+ 22. gxh3 Qxf3 23. Ra3 Qh5 24. exd6 Rad8 25. Rg3 Nc6 26. Rg5 Qh6 27. Rxc5
Rxd6 28. Qxh6 Rxh6 29. Kg2 Bc8 30. Re3 Nd4 31. Ba2 Be6 32. Bd5 Rh5 33. Rc4 Nf5
34. Rd3 Nh4+ 35. Kg3 Ng6 36. Bxe6 fxe6 37. Re3 Rg5+ 38. Kh2 Rxf2+ 0-1

[Event "Wuerttemberg-Niedersachsen"]
[Site "Wismar"]
[Date "2009.10.01"]
[Round "3.5"]
[White "Dorn, Carina"]
[Black "Xu, Xianliang"]
[Result "1-0"]
[WhiteElo "1856"]
[BlackElo "1961"]
[PlyCount "71"]
[EventDate "2009.??.??"]

1. d4 d5 2. c4 Nc6 3. Nf3 Bg4 4. cxd5 Bxf3 5. gxf3 Qxd5 6. e3 e5 7. Nc3 Bb4 8.
Bd2 Bxc3 9. bxc3 Qd6 10. Rb1 b6 11. f4 exf4 12. e4 Nge7 13. Qf3 Qa3 14. Bg2
Qxa2 15. Qd3 Rd8 16. Bxf4 Ng6 17. Bxc7 Rd7 18. Bg3 Nce5 19. Bxe5 Nxe5 20. Qb5
Nc4 21. O-O Nd6 22. Qc6 Qe6 23. e5 Nf5 24. Qxe6+ fxe6 25. Bc6 Ke7 26. Bxd7 Kxd7
27. Ra1 Ra8 28. Kg2 Kc6 29. Kf3 Kd5 30. Rfb1 Rf8 31. Ke2 Rf7 32. Kd3 Nh6 33.
c4+ Kc6 34. Ke4 Kb7 35. Rf1 g6 36. f4 1-0

[Event "Wuerttemberg-Niedersachsen"]
[Site "Wismar"]
[Date "2009.10.01"]
[Round "3.6"]
[White "Stitterich, Nadine"]
[Black "Duessler, Stefanie"]
[Result "1-0"]
[WhiteElo "1941"]
[BlackElo "1741"]
[PlyCount "93"]
[EventDate "2009.??.??"]

1. e4 e6 2. d3 c5 3. Nf3 Nc6 4. g3 g6 5. Bg2 Bg7 6. O-O Nge7 7. c3 e5 8. Re1 d6
9. Bd2 O-O 10. a4 h6 11. Na3 Be6 12. Rb1 Qd7 13. b4 Rac8 14. Be3 b6 15. b5 Na5
16. Bd2 f5 17. Qc2 c4 18. Rb4 cxd3 19. Qxd3 fxe4 20. Qxe4 Nd5 21. Rb2 Nxc3 22.
Bxc3 Rxc3 23. Nb1 Rc4 24. Qd3 e4 25. Rxe4 Rc1+ 26. Ne1 Bf5 27. Qd5+ Kh7 28.
Rbe2 Bxe4 29. Bxe4 Qf7 30. Qxf7 Rxf7 31. Kg2 Rfc7 32. Nf3 R7c4 33. Bd3 Rxa4 34.
Nh4 Bf6 35. Nxg6 Kg7 36. Nf4 Rb4 37. Nd2 Rc8 38. Ne4 Be7 39. Nd5 Rxe4 40. Rxe4
Bg5 41. h4 Bd8 42. Re6 Nb7 43. Rg6+ Kf7 44. Rxh6 Nc5 45. Bf5 Ra8 46. Rxd6 Be7
47. Rh6 1-0

[Event "Wuerttemberg-Niedersachsen"]
[Site "Wismar"]
[Date "2009.10.01"]
[Round "3.7"]
[White "Koop, Thorben"]
[Black "Kaulich, Philipp Theodor"]
[Result "0-1"]
[WhiteElo "1821"]
[BlackElo "1902"]
[PlyCount "62"]
[EventDate "2009.??.??"]

1. Nf3 f5 2. d4 d6 3. c4 Nf6 4. Nc3 g6 5. e3 Bg7 6. Be2 O-O 7. h4 c6 8. d5 c5
9. Ng5 h6 10. Nh3 Nbd7 11. Bd2 a6 12. Qc2 Ne5 13. O-O-O Bd7 14. a4 Ne4 15. Nxe4
fxe4 16. Nf4 b5 17. Ne6 Bxe6 18. dxe6 Rxf2 19. Bf1 bxc4 20. Bxc4 d5 21. Bf1 Rb8
22. b3 c4 23. bxc4 Rxf1 24. Rdxf1 Nd3+ 25. Kd1 Rb2 26. Qxb2 Nxb2+ 27. Ke2 dxc4
28. Bc1 Qd3+ 29. Kf2 Qc2+ 30. Kg3 Be5+ 31. Kh3 Nd3 0-1

[Event "Wuerttemberg-Niedersachsen"]
[Site "Wismar"]
[Date "2009.10.01"]
[Round "3.8"]
[White "Weber, Sandra"]
[Black "Diederichs, Luise"]
[Result "1/2-1/2"]
[WhiteElo "1334"]
[BlackElo "1521"]
[PlyCount "111"]
[EventDate "2009.??.??"]

1. e4 e6 2. d4 d5 3. Nd2 dxe4 4. Nxe4 Nd7 5. Nf3 Ngf6 6. Bd3 Nxe4 7. Bxe4 Nf6
8. Bd3 Be7 9. O-O O-O 10. b3 b6 11. Bb2 Bb7 12. c4 c5 13. dxc5 Bxc5 14. Qe2 Qe7
15. Ng5 h6 16. Bxf6 Qxf6 17. Nh7 Qh4 18. Nxf8 Kxf8 19. g3 Qd4 20. Rad1 h5 21.
Bb1 Qf6 22. Be4 Qe5 23. Rde1 Qxe4 24. Qxe4 Bxe4 25. Rxe4 Rd8 26. Re2 Ke7 27.
Kg2 g6 28. Rfe1 Bb4 29. Rc1 Ba3 30. Rcc2 Bb4 31. Kf3 Kf6 32. Re4 Rd1 33. Rce2
Bc5 34. Kg2 Rd4 35. Rxd4 Bxd4 36. Kf3 Kf5 37. h3 e5 38. Rd2 f6 39. Ke2 g5 40.
Kd3 g4 41. h4 Ke6 42. b4 f5 43. Re2 Kd6 44. Rc2 Kc6 45. a3 Kd6 46. Rd2 Kc6 47.
Kc2 Kd6 48. Rxd4+ exd4 49. Kd3 Ke5 50. a4 a5 51. bxa5 bxa5 52. c5 Kd5 53. c6
Kxc6 54. Kxd4 Kd6 55. Kc4 Kc6 56. Kd4 1/2-1/2

[Event "Nordrhein-Westfalen-Hessen"]
[Site "Wismar"]
[Date "2009.10.01"]
[Round "3.1"]
[White "Hoegy, Kevin"]
[Black "Savchenko, Aleksij"]
[Result "1/2-1/2"]
[WhiteElo "2145"]
[BlackElo "2246"]
[PlyCount "71"]
[EventDate "2009.??.??"]

1. d4 d5 2. c4 e6 3. Nf3 Nf6 4. g3 Be7 5. Bg2 O-O 6. O-O dxc4 7. Qc2 a6 8. Qxc4
b5 9. Qc2 Bb7 10. Bd2 Nc6 11. e3 Nb4 12. Bxb4 Bxb4 13. a3 Bd6 14. Nbd2 Ra7 15.
Nb3 Qa8 16. Ne1 Bxg2 17. Nxg2 a5 18. Rac1 a4 19. Nc5 Rb8 20. Ne1 b4 21. axb4
Nd5 22. Ned3 Nxb4 23. Nxb4 Rxb4 24. Nd3 Rb6 25. Ra1 h6 26. Ra2 Qe4 27. Rfa1 Rb3
28. Ne1 Qb7 29. Nd3 Qb5 30. Nc1 e5 31. Qd2 Rb4 32. Nd3 Rb3 33. Nc1 Rb4 34. Nd3
Rb3 35. Nc1 Rb4 36. Nd3 1/2-1/2

[Event "Nordrhein-Westfalen-Hessen"]
[Site "Wismar"]
[Date "2009.10.01"]
[Round "3.2"]
[White "Kelbling, Philipp"]
[Black "Rafiee, Makan"]
[Result "0-1"]
[WhiteElo "2116"]
[BlackElo "2136"]
[PlyCount "68"]
[EventDate "2009.??.??"]

1. d4 Nf6 2. Bg5 Ne4 3. Bf4 e6 4. Nd2 Bd6 5. Bxd6 Nxd6 6. e4 Nc6 7. Ngf3 O-O 8.
Bd3 f5 9. O-O b5 10. e5 Nf7 11. Bxb5 Ne7 12. Bc4 Kh8 13. Qe2 g5 14. Ne1 Ng6 15.
Nd3 Rg8 16. d5 Qe7 17. Nb3 Nf4 18. Nxf4 gxf4 19. f3 Bb7 20. dxe6 dxe6 21. Kh1
Rg6 22. Rf2 Rag8 23. Rd1 Qh4 24. Nd4 Rh6 25. h3 Ng5 26. b4 Qg3 27. Rdf1 Rgg6
28. Qd2 Rh4 29. Nxf5 exf5 30. e6 Rxh3+ 31. gxh3 Qxh3+ 32. Rh2 Bxf3+ 33. Rxf3
Qxf3+ 34. Rg2 Rh6+ 0-1

[Event "Nordrhein-Westfalen-Hessen"]
[Site "Wismar"]
[Date "2009.10.01"]
[Round "3.3"]
[White "Aslan, Benjamin"]
[Black "Kartsev, Alexandr"]
[Result "1/2-1/2"]
[WhiteElo "2040"]
[BlackElo "2056"]
[PlyCount "103"]
[EventDate "2009.??.??"]

1. d4 f5 2. g3 Nf6 3. Bg2 e6 4. c4 d5 5. Nf3 c6 6. O-O Bd6 7. b3 O-O 8. Ba3
Bxa3 9. Nxa3 Qe7 10. Nc2 Nbd7 11. Nce1 Ne4 12. Nd3 Ndf6 13. Nfe5 Bd7 14. b4 Be8
15. a4 a5 16. f3 Nc3 17. Qc2 dxc4 18. Qxc3 cxd3 19. Nxd3 axb4 20. Qxb4 Qxb4 21.
Nxb4 Nd5 22. Nd3 Nc3 23. Kf2 Rxa4 24. Rxa4 Nxa4 25. Ne5 Nc3 26. Ra1 Nb5 27. e3
Bf7 28. Bf1 Nd6 29. Ra7 Rd8 30. Bc4 Kf8 31. Bb3 Ke8 32. Nd3 e5 33. dxe5 Bxb3
34. exd6 Rxd6 35. Nc5 Bf7 36. Rxb7 Rd2+ 37. Ke1 Rxh2 38. Nd3 Bc4 39. Ne5 Bb5
40. Rxg7 Re2+ 41. Kd1 Rxe3 42. f4 h6 43. Rg6 Ke7 44. Nxc6+ Bxc6 45. Rxc6 Rxg3
46. Rxh6 Rg4 47. Ke2 Rxf4 48. Ke3 Re4+ 49. Kf3 Kf7 50. Ra6 Rb4 51. Rc6 Ra4 52.
Rb6 1/2-1/2

[Event "Nordrhein-Westfalen-Hessen"]
[Site "Wismar"]
[Date "2009.10.01"]
[Round "3.4"]
[White "Bluebaum, Johanna"]
[Black "Goebel, Constantin"]
[Result "0-1"]
[WhiteElo "2024"]
[BlackElo "2009"]
[PlyCount "50"]
[EventDate "2009.??.??"]

1. d4 d5 2. c4 e6 3. Nc3 Nf6 4. cxd5 exd5 5. Bg5 Nbd7 6. e3 Be7 7. Bd3 c6 8.
Nge2 Nf8 9. Qc2 Ne6 10. Bh4 g6 11. O-O Ng7 12. f3 O-O 13. Rad1 Bd7 14. Kh1 Rc8
15. Qd2 Be6 16. a3 Re8 17. e4 dxe4 18. fxe4 Nxe4 19. Bxe7 Nxd2 20. Bxd8 Nxf1
21. Bg5 Ne3 22. Bxe3 Bb3 23. Bg5 Bxd1 24. Nxd1 Ne6 25. Bf6 Nf4 0-1

[Event "Nordrhein-Westfalen-Hessen"]
[Site "Wismar"]
[Date "2009.10.01"]
[Round "3.5"]
[White "Breitwieser, Jasmin"]
[Black "Pauly, Carlo"]
[Result "0-1"]
[WhiteElo "1866"]
[BlackElo "2032"]
[PlyCount "72"]
[EventDate "2009.??.??"]

1. e4 c5 2. Nf3 d6 3. Nc3 Nf6 4. g3 Nc6 5. Bg2 g6 6. O-O Bg7 7. d3 O-O 8. Ne2
d5 9. exd5 Nxd5 10. Rb1 e5 11. h4 h6 12. Nd2 Bg4 13. Nc4 b6 14. f3 Be6 15. Kh2
Rc8 16. a3 f5 17. Bh3 Qe7 18. Ne3 Nd4 19. Bd2 a5 20. Nxd5 Bxd5 21. Nxd4 cxd4
22. c4 dxc3 23. bxc3 Qxa3 24. Rxb6 Rf6 25. Rxf6 Bxf6 26. c4 Bc6 27. Bxh6 Rd8
28. h5 Rxd3 29. Qb1 Rb3 30. Qa1 Qxa1 31. Rxa1 e4 32. Rxa5 Rb2+ 33. Kh1 exf3 34.
Bf1 Rb1 35. Kh2 Rxf1 36. Ra6 f2 0-1

[Event "Nordrhein-Westfalen-Hessen"]
[Site "Wismar"]
[Date "2009.10.01"]
[Round "3.6"]
[White "Karmann, Anna"]
[Black "Tran, My Linh"]
[Result "1/2-1/2"]
[WhiteElo "1927"]
[BlackElo "1813"]
[PlyCount "27"]
[EventDate "2009.??.??"]

1. c4 e5 2. g3 f5 3. Bg2 Nf6 4. Nc3 Nc6 5. d3 Bb4 6. a3 Bxc3+ 7. bxc3 d6 8. Rb1
O-O 9. e3 Qe8 10. Ne2 Rb8 11. O-O Kh8 12. Qc2 Bd7 13. Rd1 g5 14. f4 1/2-1/2

[Event "Nordrhein-Westfalen-Hessen"]
[Site "Wismar"]
[Date "2009.10.01"]
[Round "3.7"]
[White "Bluhm, Sonja Maria"]
[Black "Wolff, Christopher"]
[Result "1/2-1/2"]
[WhiteElo "1723"]
[BlackElo "1808"]
[PlyCount "84"]
[EventDate "2009.??.??"]

1. e4 c5 2. Nf3 d6 3. d4 cxd4 4. Nxd4 Nf6 5. Nc3 a6 6. Bg5 e6 7. f4 Nbd7 8. Qf3
Be7 9. O-O-O Qc7 10. Bd3 b5 11. Rhe1 Bb7 12. Kb1 Nc5 13. Bxf6 gxf6 14. Qg3 b4
15. Qg7 Rf8 16. Nce2 Nxe4 17. Bxe4 Bxe4 18. Ng3 Bd5 19. Nh5 Bxa2+ 20. Kc1 O-O-O
21. Nxf6 Kb7 22. Rd2 Qa5 23. b3 e5 24. Nxh7 Bh4 25. g3 exd4 26. Nxf8 Bxb3 27.
Qxd4 Rxf8 28. gxh4 Be6 29. Qb2 Rc8 30. h5 b3 31. Rf1 Rc4 32. Rff2 Re4 33. Rd1
Ra4 34. Kb1 Ra2 35. Qf6 Qc7 36. Rdd2 b2 37. c4 Ra1+ 38. Kxb2 Re1 39. Qc3 Bxc4
40. Qb4+ Bb5 41. Rc2 Qe7 42. Rfd2 Re6 1/2-1/2

[Event "Nordrhein-Westfalen-Hessen"]
[Site "Wismar"]
[Date "2009.10.01"]
[Round "3.8"]
[White "Bork, Sophie"]
[Black "Keller, Peter"]
[Result "0-1"]
[WhiteElo "1181"]
[BlackElo "1799"]
[PlyCount "86"]
[EventDate "2009.??.??"]

1. e4 e5 2. Nf3 Nc6 3. Bc4 Nf6 4. d3 Be7 5. Be3 O-O 6. O-O d5 7. exd5 Nxd5 8.
Bxd5 Qxd5 9. Nc3 Qd8 10. d4 exd4 11. Bxd4 Nxd4 12. Qxd4 Qxd4 13. Nxd4 Bf6 14.
Nde2 c6 15. Rad1 Bf5 16. Rd2 Rad8 17. Rfd1 Rxd2 18. Rxd2 Rd8 19. Rxd8+ Bxd8 20.
Nd4 Bg6 21. b4 Bf6 22. Nce2 Kf8 23. Kf1 Ke7 24. Ke1 Kd6 25. Kd2 a6 26. a4 c5
27. bxc5+ Kxc5 28. Kc3 Bxc2 29. Kxc2 Bxd4 30. Kb3 Bxf2 31. Nc3 Kd4 32. Ne2+ Ke3
33. Nc3 f5 34. Nd5+ Ke2 35. Nf4+ Kf1 36. Kc4 Kg1 37. h3 Bg3 38. Ne2+ Kxg2 39.
Nxg3 Kxg3 40. Kc5 f4 41. a5 f3 42. Kb6 f2 43. Kxb7 f1=Q 0-1

[Event "Rheinland-Pfalz-Thueringen"]
[Site "Wismar"]
[Date "2009.10.01"]
[Round "3.1"]
[White "Wendling, Hannes"]
[Black "Gruenter, Martin"]
[Result "0-1"]
[WhiteElo "2193"]
[BlackElo "2151"]
[PlyCount "42"]
[EventDate "2009.??.??"]

1. e4 c5 2. Nf3 d6 3. d4 cxd4 4. Nxd4 Nf6 5. Nc3 a6 6. Bg5 e6 7. f4 Be7 8. Qf3
h6 9. Bh4 Qc7 10. Qg3 Nbd7 11. O-O-O b5 12. Bxf6 Nxf6 13. e5 dxe5 14. fxe5 Nd7
15. Nxe6 fxe6 16. Qxg7 Qxe5 17. Qg6+ Kf8 18. Kb1 Nf6 19. Be2 Bb7 20. h4 b4 21.
Rhf1 Bc6 0-1

[Event "Rheinland-Pfalz-Thueringen"]
[Site "Wismar"]
[Date "2009.10.01"]
[Round "3.2"]
[White "Hastrich, Julian"]
[Black "Siebarth, Raiko"]
[Result "1/2-1/2"]
[WhiteElo "2153"]
[BlackElo "2218"]
[PlyCount "32"]
[EventDate "2009.??.??"]

1. e4 c5 2. Nc3 Nc6 3. g3 g6 4. Bg2 Bg7 5. d3 d6 6. f4 e6 7. Nf3 Nge7 8. O-O
O-O 9. Be3 Rb8 10. Qd2 b5 11. d4 b4 12. Ne2 Na5 13. b3 c4 14. Rad1 f5 15. e5
Nd5 16. Ng5 Nxe3 1/2-1/2

[Event "Rheinland-Pfalz-Thueringen"]
[Site "Wismar"]
[Date "2009.10.01"]
[Round "3.3"]
[White "Urban, Lars"]
[Black "Stahnecker, Ludwig"]
[Result "0-1"]
[WhiteElo "1831"]
[BlackElo "1951"]
[PlyCount "88"]
[EventDate "2009.??.??"]

1. d4 d5 2. c4 e6 3. Nc3 c6 4. cxd5 exd5 5. Qc2 Bd6 6. Nf3 Ne7 7. Bg5 f6 8. Bh4
Bf5 9. Qd2 O-O 10. e3 b5 11. Bg3 a5 12. Nh4 a4 13. Nxf5 Nxf5 14. Bd3 Nxg3 15.
hxg3 g6 16. Bc2 Nd7 17. Qe2 Nb6 18. Rxh7 f5 19. Rh3 b4 20. Nd1 Kg7 21. Kf1 Qf6
22. Bd3 Nd7 23. Rc1 Rfc8 24. g4 f4 25. Qf3 Qg5 26. e4 Nf8 27. exd5 cxd5 28.
Rxc8 Rxc8 29. Qe2 Qf6 30. Bc2 Ne6 31. Bxa4 Nxd4 32. Qd3 Qe5 33. g5 Rc7 34. Rh6
Qxg5 35. Rh1 Qe5 36. Bb5 Re7 37. Kg1 f3 38. Ne3 Ne2+ 39. Kf1 fxg2+ 40. Nxg2
Qxb2 41. Ne3 Nf4 42. Nf5+ Kf8 43. Rh8+ Qxh8 44. Nxe7 Qh1# 0-1

[Event "Rheinland-Pfalz-Thueringen"]
[Site "Wismar"]
[Date "2009.10.01"]
[Round "3.4"]
[White "Remy, Janina"]
[Black "Schaetz, Bianca"]
[Result "1/2-1/2"]
[WhiteElo "2004"]
[BlackElo "1674"]
[PlyCount "54"]
[EventDate "2009.??.??"]

1. e4 c5 2. Nc3 g6 3. g3 Bg7 4. Bg2 Nc6 5. d3 d6 6. Be3 e6 7. Qd2 Qa5 8. Nf3
Nd4 9. O-O Ne7 10. Bh6 Nxf3+ 11. Bxf3 O-O 12. Bxg7 Kxg7 13. d4 Nc6 14. d5 Nd4
15. Bg2 e5 16. f4 exf4 17. Rxf4 f5 18. Raf1 Bd7 19. Qf2 Qd8 20. Qd2 Qe7 21. Re1
Rae8 22. Ne2 Nxe2+ 23. Qxe2 Qe5 24. c3 a6 25. Qd2 Qe7 26. Rff1 Qd8 27. exf5
Rxf5 1/2-1/2

[Event "Rheinland-Pfalz-Thueringen"]
[Site "Wismar"]
[Date "2009.10.01"]
[Round "3.5"]
[White "Senf, Paul"]
[Black "Yankelevich, Lev"]
[Result "0-1"]
[WhiteElo "1494"]
[BlackElo "1943"]
[PlyCount "68"]
[EventDate "2009.??.??"]
[WhiteTeam "Thüringen"]
[BlackTeam "Rheinland-Pfalz"]

1. e4 {[%emt 0:00:00]} Nf6 2. Nc3 d5 3. exd5 Nxd5 4. Nxd5 Qxd5 5. d4 c6 6. Be3
Bf5 7. Nf3 e6 8. Bd3 Bxd3 9. Qxd3 Nd7 10. O-O Bd6 11. Rfd1 Nf6 12. c4 Qh5 13.
h3 O-O 14. a3 h6 15. b4 Rfd8 16. Rab1 a6 17. a4 b5 18. c5 Bc7 19. axb5 axb5 20.
Qb3 Ra4 21. Ra1 Rda8 22. Qb2 Nd5 23. Bd2 Bf4 24. Bc3 Qg6 25. Ne1 Bc7 26. Kf1
Nf4 27. Rxa4 Rxa4 28. Qc2 Qh5 29. Nd3 Qd5 30. Nxf4 Bxf4 31. Qe2 Ra2 32. Qe1 Bh2
33. Rd3 Qc4 34. Qd1 Bf4 {ZU von Weis} 0-1

[Event "Rheinland-Pfalz-Thueringen"]
[Site "Wismar"]
[Date "2009.10.01"]
[Round "3.6"]
[White "Zimmer, Ketsarin"]
[Black "Juenger, Theresa"]
[Result "1-0"]
[WhiteElo "1774"]
[BlackElo "1581"]
[PlyCount "65"]
[EventDate "2009.??.??"]
[WhiteTeam "Rheinland-Pfalz"]
[BlackTeam "Thüringen"]

1. e4 d5 2. exd5 Qxd5 3. d4 Nf6 4. Nc3 Qa5 5. Bd2 c6 6. Nf3 Qc7 7. h3 e6 8. Bd3
Be7 9. Qe2 Nbd7 10. O-O O-O 11. Ne4 b6 12. c3 Bb7 13. Bc2 c5 14. Neg5 Bxf3 15.
Nxf3 cxd4 16. Nxd4 Bc5 17. Nb3 Rad8 18. Bg5 h6 19. Bh4 Rfe8 20. Rad1 Be7 21.
Nd4 Ne5 22. Bg3 Nfd7 23. Rfe1 Bf6 24. Qe4 g6 25. Nb5 Qc6 26. Qe2 Ra8 27. Be4
Qc5 28. Bxa8 Rxa8 29. Nd6 Qa5 30. a3 Rf8 31. Ne4 Bg7 32. Nd6 Nc6 33. Nc4 1-0

[Event "Rheinland-Pfalz-Thueringen"]
[Site "Wismar"]
[Date "2009.10.01"]
[Round "3.7"]
[White "Zahn, Alina"]
[Black "Bohrmann, Sandra"]
[Result "1-0"]
[WhiteElo "1583"]
[BlackElo "1579"]
[PlyCount "73"]
[EventDate "2009.??.??"]
[WhiteTeam "Thüringen"]
[BlackTeam "Rheinland-Pfalz"]

1. e4 {[%emt 0:00:00]} e5 2. Nf3 Nc6 3. Bc4 Bc5 4. c3 Nf6 5. d3 d6 6. Bb3 O-O
7. Bg5 Bg4 8. h3 Bd7 9. Nbd2 Qe7 10. Qe2 b5 11. Nf1 Nd8 12. Ne3 Be6 13. Ng4 Kh8
14. Nh4 Bxb3 15. Nf5 Qe6 16. axb3 Ne8 17. b4 Bb6 18. h4 Nc6 19. h5 a5 20. h6 g6
21. Ng7 Qc8 22. Nxe8 Rxe8 23. Bf6+ Kg8 24. Bg7 f5 25. Nf6+ Kf7 26. Nxe8 Kxe8
27. exf5 Qxf5 28. Rh3 Kd7 29. Rf3 Qg5 30. Qe4 Re8 31. Qd5 Qxg2 32. Rf7+ Ne7 33.
Qxg2 a4 34. Bf6 Ke6 35. Rxe7+ Rxe7 36. Bxe7 Kxe7 37. b3 1-0

[Event "Rheinland-Pfalz-Thueringen"]
[Site "Wismar"]
[Date "2009.10.01"]
[Round "3.8"]
[White "Schwarz, Larissa"]
[Black "Juenger, Alexander"]
[Result "0-1"]
[WhiteElo "1391"]
[BlackElo "1346"]
[PlyCount "90"]
[EventDate "2009.??.??"]
[WhiteTeam "Rheinland-Pfalz"]
[BlackTeam "Thüringen"]

1. e4 d5 2. exd5 Qxd5 3. Nc3 Qa5 4. d4 Nf6 5. Nf3 Bg4 6. Bc4 e6 7. O-O c6 8.
Bd2 Qc7 9. Re1 Bd6 10. h3 Bh5 11. Qe2 Nbd7 12. Ne4 Nxe4 13. Qxe4 Bg6 14. Qg4
Nf6 15. Qg5 Ne4 16. Qe3 O-O-O 17. a4 Nxd2 18. Qxd2 Rhe8 19. Qc3 a5 20. Qb3 e5
21. dxe5 Bxe5 22. Nxe5 Rxe5 23. Rxe5 Qxe5 24. c3 f6 25. Be6+ Kb8 26. Bg4 h5 27.
Bf3 Ka7 28. Rc1 Rd2 29. Qa3 Be4 30. Re1 f5 31. Bxh5 Qd5 32. f3 Bc2 33. Qe7 f4
34. Qe5 g6 35. Bg4 Bxa4 36. Qxf4 Qc5+ 37. Qe3 Qxe3+ 38. Rxe3 Rxb2 39. f4 Bc2
40. Re2 a4 41. Kh2 a3 42. Re1 Rb1 43. Rxb1 Bxb1 44. Be6 a2 45. Bxa2 Bxa2 0-1

[Event "Sachsen-Anhalt-Hamburg"]
[Site "Wismar"]
[Date "2009.10.01"]
[Round "3.1"]
[White "Bracker, Arne"]
[Black "Rafayevych, Vilen"]
[Result "1-0"]
[WhiteElo "2219"]
[BlackElo "2042"]
[PlyCount "45"]
[EventDate "2009.??.??"]
[WhiteTeam "Hamburg"]
[BlackTeam "Sachsen-Anhalt"]

1. d4 {[%emt 0:00:00]} Nf6 2. Nf3 c5 3. d5 b5 4. Bg5 Qb6 5. c3 Ne4 6. Bh4 e6 7.
Qd3 Nf6 8. Bxf6 gxf6 9. e3 b4 10. Nbd2 exd5 11. cxb4 Qxb4 12. Qxd5 Bb7 13. Qf5
Bg7 14. Bc4 Nc6 15. Qh5 O-O-O 16. Qxf7 Rhg8 17. O-O Ne5 18. a3 Qxb2 19. Qh5
Bxf3 20. Nxf3 d5 21. Rab1 Qxa3 22. Nxe5 fxe5 23. Qf7 1-0

[Event "Sachsen-Anhalt-Hamburg"]
[Site "Wismar"]
[Date "2009.10.01"]
[Round "3.2"]
[White "Mertens, Pauline"]
[Black "Lampert, Jonas"]
[Result "1/2-1/2"]
[WhiteElo "2014"]
[BlackElo "2111"]
[PlyCount "49"]
[EventDate "2009.??.??"]
[WhiteTeam "Sachsen-Anhalt"]
[BlackTeam "Hamburg"]

1. e4 {[%emt 0:00:00]} c5 2. Nf3 d6 3. d4 cxd4 4. Nxd4 Nf6 5. Nc3 a6 6. Be3 e6
7. f3 b5 8. Qd2 Bb7 9. O-O-O Nbd7 10. g4 Nb6 11. g5 Nfd7 12. Kb1 b4 13. Nce2
Nc4 14. Qd3 d5 15. Ng3 Nc5 16. Qe2 Na4 17. Bc1 Rc8 18. Bh3 Qa5 19. Nb3 Qc7 20.
exd5 Na3+ 21. Ka1 Nxc2+ 22. Kb1 Na3+ 23. Ka1 Nc2+ 24. Kb1 Na3+ 25. Ka1 1/2-1/2

[Event "Sachsen-Anhalt-Hamburg"]
[Site "Wismar"]
[Date "2009.10.01"]
[Round "3.4"]
[White "Zimmermann, Christian"]
[Black "Ludwig, Jan"]
[Result "1/2-1/2"]
[WhiteElo "1720"]
[BlackElo "1979"]
[PlyCount "67"]
[EventDate "2009.??.??"]
[WhiteTeam "Sachsen-Anhalt"]
[BlackTeam "Hamburg"]

1. e4 {[%emt 0:00:00]} d5 2. exd5 Qxd5 3. Nc3 Qd6 4. d4 Nf6 5. Nf3 a6 6. Bd3 g6
7. O-O Bg7 8. Ne4 Nxe4 9. Bxe4 Nd7 10. c3 c5 11. Be3 Qc7 12. Re1 O-O 13. Qd2
cxd4 14. Bxd4 e5 15. Be3 f5 16. Bd5+ Kh8 17. Bh6 e4 18. Nd4 Nf6 19. Bb3 Ng4 20.
Bxg7+ Kxg7 21. g3 Rd8 22. Rad1 Ne5 23. Qg5 Rxd4 24. Qe3 Rxd1 25. Rxd1 Nf3+ 26.
Kg2 Bd7 27. Qf4 Rc8 28. Rd6 Ne1+ 29. Kg1 Nd3 30. Rxd3 exd3 31. Qd4+ Kh6 32.
Qh4+ Kg7 33. Qe7+ Kh6 34. Qh4+ 1/2-1/2

[Event "Sachsen-Anhalt-Hamburg"]
[Site "Wismar"]
[Date "2009.10.01"]
[Round "3.5"]
[White "Stanau, Guido"]
[Black "Mueller, Alexandra"]
[Result "1-0"]
[WhiteElo "1763"]
[BlackElo "1713"]
[PlyCount "41"]
[EventDate "2009.??.??"]
[WhiteTeam "Hamburg"]
[BlackTeam "Sachsen-Anhalt"]

1. e4 {[%emt 0:00:00]} e5 2. Nf3 Nc6 3. d4 exd4 4. Nxd4 Bc5 5. Nxc6 Qf6 6. Qf3
Qxc6 7. Nc3 a6 8. Bd3 Ne7 9. O-O O-O 10. Bf4 d6 11. Nd5 Nxd5 12. exd5 Qd7 13.
Rfe1 Re8 14. Qg3 Qd8 15. Bg5 Qd7 16. Bf5 Rxe1+ 17. Rxe1 Bb4 18. Bxd7 Bxe1 19.
Bh6 Kf8 20. Qxg7+ Ke7 21. Bg5+ 1-0

[Event "Sachsen-Anhalt-Hamburg"]
[Site "Wismar"]
[Date "2009.10.01"]
[Round "3.6"]
[White "Knopf, Felix"]
[Black "Garny, Annica"]
[Result "1-0"]
[WhiteElo "1667"]
[BlackElo "1787"]
[PlyCount "40"]
[EventDate "2009.??.??"]
[WhiteTeam "Sachsen-Anhalt"]
[BlackTeam "Hamburg"]

1. d4 {[%emt 0:00:00]} Nf6 2. Nf3 g6 3. c4 Bg7 4. Nc3 O-O 5. e4 d6 6. Be2 e5 7.
O-O Nc6 8. d5 Ne7 9. b4 a5 10. Ba3 axb4 11. Bxb4 b6 12. a4 Ne8 13. Ne1 f5 14.
f3 f4 15. a5 c5 16. dxc6 Nxc6 17. Qd5+ Rf7 18. Qxc6 Rfa7 19. Qd5+ Kh8 20. Nb5
Rd7 1-0

[Event "Sachsen-Anhalt-Hamburg"]
[Site "Wismar"]
[Date "2009.10.01"]
[Round "3.7"]
[White "Lemke, Berfín"]
[Black "Priese, Annika"]
[Result "1-0"]
[WhiteElo "1393"]
[BlackElo "1284"]
[PlyCount "79"]
[EventDate "2009.??.??"]
[WhiteTeam "Hamburg"]
[BlackTeam "Sachsen-Anhalt"]

1. e4 {[%emt 0:00:00]} c5 2. Nf3 d6 3. d4 cxd4 4. Nxd4 Nf6 5. Nc3 a6 6. Be3 e6
7. Be2 Nbd7 8. O-O b5 9. Bd3 Bb7 10. f3 Be7 11. Qe1 O-O 12. Qg3 Ne5 13. Rad1
Kh8 14. Qh3 Rc8 15. Rd2 Nc4 16. Bxc4 Rxc4 17. Nce2 Qb8 18. c3 d5 19. exd5 Nxd5
20. Bf2 Bg5 21. Rd3 Qe5 22. Bg3 Qf6 23. f4 Qg6 24. Rdd1 Bd8 25. Rf2 Qe4 26. Rf3
Bb6 27. Bf2 Rd8 28. Qg3 Ne7 29. Re3 Qd5 30. Red3 Qe4 31. f5 Nxf5 32. Nxf5 Bxf2+
33. Qxf2 Rxd3 34. Rxd3 Qxd3 35. Ne3 f6 36. Qg3 Qb1+ 37. Nf1 Qe4 38. Qf2 Qe5 39.
Ne3 Re4 40. Qf3 {ZU von Schwarz} 1-0